Pays ayant participé à la Coupe du Monde 1950 - Statistiques

Statistiques générales
  • Ce quiz a été pris 46 fois
  • Le résultat moyen est 12 sur 13
Statistiques - réponses
Continents Pays % Correct
Amérique du sud (organisateur) Brésil
100%
Amérique du nord et centrale Etats-unis
100%
Europe (tenant du titre) Italie
100%
Amérique du nord et centrale Mexique
100%
Amérique du sud (vainqueur) Uruguay
100%
Amérique du sud Chili
95%
Europe Espagne
95%
Amérique du sud Paraguay
93%
Europe Suisse
93%
Europe Angleterre
90%
Europe Suède
90%
Amérique du sud Bolivie
88%
Europe Yougoslavie
85%
Aucun quiz correspondant
Distribution des résultats
% des personnes avec chaque résultat
Percentile par nombre de réponses
Votre historique - résultats
Vous n’avez pas pris ce quiz